[Event "CHN-chT (Women)"]
[Site "Liaocheng"]
[Date "2021.10.28"]
[Round "9.3"]
[White "Zhao, Shengxin"]
[Black "Guo, Yuhan"]
[Result "1-0"]
[WhiteElo "2110"]
[BlackElo "1685"]
[PlyCount "103"]
[EventDate "2021.10.20"]
[EventType "team-tourn"]
[EventRounds "9"]
[EventCountry "CHN"]
[SourceTitle "CBM 204 Extra"]
[Source "ChessBase"]
[SourceDate "2021.11.30"]
[SourceVersion "1"]
[SourceVersionDate "2021.11.30"]
[SourceQuality "1"]
[WhiteTeam "Hangzhou (W)"]
[BlackTeam "Zhejiang (W)"]
[WhiteTeamCountry "CHN"]
[BlackTeamCountry "CHN"]

1. Nf3 d5 2. g3 c5 3. Bg2 Nc6 4. d4 Nf6 5. 0-0 e6 6. c4 dxc4 7. Qa4 Bd7 8. Qxc4 cxd4 9. Nxd4 Nxd4 10. Qxd4 Bc6 11. Bxc6+ bxc6 12. Qxd8+ Kxd8 13. Nd2 Be7 14. Nc4 Nd7 15. Be3 Bf6 16. Rac1 Ke7 17. b4 Rhc8 18. Na5 c5 19. bxc5 Be5 20. Rfd1 Nf6 21. Nc4 Bc7 22. c6 Rd8 23. Rxd8 Kxd8 24. Rd1+ Ke8 25. Bd4 Rd8 26. Rd3 Nd5 27. Bxg7 Nb4 28. Rc3 Nxc6 29. Ne3 Be5 30. Bxe5 Nxe5 31. f4 Nd7 32. Rc7 Ra8 33. Nc4 f6 34. Kf2 Kd8 35. Rb7 Rc8 36. Nd6 Rc7 37. Rb5 Ke7 38. Ne4 Kf7 39. a4 Nb6 40. a5 Nc4 41. a6 Nb6 42. Nc5 Ke7 43. Kf3 Kd6 44. Ne4+ Ke7 45. Rh5 Nd7 46. Rxh7+ Ke8 47. Rh8+ Ke7 48. Rh7+ Ke8 49. h4 Rc6 50. h5 Rxa6 51. Rxd7 Kxd7 52. Nc5+ 1-0

[Event "CHN-chTB"]
[Site "Harbin"]
[Date "2016.07.12"]
[Round "4.4"]
[White "Ning, Kaiyu"]
[Black "Guo, Yuhan"]
[Result "1-0"]
[WhiteElo "1820"]
[BlackElo "1637"]
[PlyCount "117"]
[EventDate "2016.07.11"]
[EventType "team-swiss"]
[EventRounds "11"]
[EventCountry "CHN"]
[SourceTitle "CBM 173 Extra"]
[Source "ChessBase"]
[SourceDate "2016.08.29"]
[SourceVersion "1"]
[SourceVersionDate "2016.08.29"]
[SourceQuality "1"]
[WhiteTeam "Wuxi Xinlei"]
[BlackTeam "Zhejiang Board Games"]
[WhiteTeamCountry "CHN"]
[BlackTeamCountry "CHN"]

1. e4 e6 2. d4 d5 3. Nc3 dxe4 4. Nxe4 Bd7 5. Nf3 Bc6 6. Bd3 Nd7 7. 0-0 Ngf6 8. Nxf6+ Qxf6 9. Be2 Bd6 10. c4 Be4 11. Bg5 Qf5 12. Bh4 0-0 13. Bg3 Qf6 14. Qd2 Bxg3 15. hxg3 Rfd8 16. Rfd1 c5 17. Qe3 Bg6 18. Rd2 cxd4 19. Nxd4 Nc5 20. Re1 Rac8 21. b3 Ne4 22. Rdd1 Nd6 23. Bf3 Rc7 24. Nb5 Nxb5 25. cxb5 b6 26. Qe5 Qe7 27. Rxd8+ Qxd8 28. Rd1 Qe7 29. Bc6 h6 30. Rd6 Bf5 31. Qd4 e5 32. Qd5 Kh7 33. Qd1 Bg6 34. a4 e4 35. Qd2 Qe5 36. Rd8 Re7 37. Qd4 Qxd4 38. Rxd4 e3 39. fxe3 Bc2 40. Kf2 Bxb3 41. e4 Kg6 42. Rd6+ Re6 43. Rd7 Bxa4 44. Rxa7 Rxc6 45. bxc6 Bxc6 46. Ke3 f5 47. e5 Bxg2 48. Ra6 Bd5 49. Rxb6+ Kf7 50. Kd4 Be6 51. Kc5 g5 52. Kd6 Bc4 53. Rb7+ Kg6 54. Rb4 Bf7 55. e6 Be8 56. Rb8 Ba4 57. Ra8 Bb5 58. Kc5 Kf6 59. Kxb5 1-0

[Event "CHN Team"]
[Site "Zhongshan"]
[Date "2015.07.12"]
[Round "3"]
[White "Chu, Ruotong"]
[Black "Guo, Yuhan"]
[Result "1-0"]
[WhiteElo "2022"]
[BlackElo "1633"]
[PlyCount "69"]
[EventDate "2015.07.11"]
[EventType "team-swiss"]
[EventRounds "11"]
[EventCountry "CHN"]
[SourceTitle "CBM 167 Extra"]
[Source "ChessBase"]
[SourceDate "2015.09.14"]
[SourceVersion "1"]
[SourceVersionDate "2015.09.14"]
[SourceQuality "1"]
[WhiteTeam "Shanghai MC"]
[BlackTeam "Shanghai Chess"]
[WhiteTeamCountry "CHN"]
[BlackTeamCountry "CHN"]

1. d4 d5 2. c4 c6 3. cxd5 cxd5 4. Bf4 Nc6 5. e3 Nf6 6. Nc3 a6 7. Bd3 b5 8. Rc1 Bg4 9. Nge2 Rc8 10. 0-0 e6 11. Nxb5 Nd7 12. Nd6+ Bxd6 13. Bxd6 Qa5 14. Qb3 Nb6 15. Rc5 Qb4 16. Qxb4 Nxb4 17. Rxc8+ Nxc8 18. Bxb4 Kd7 19. f3 Bh5 20. Nf4 Bg6 21. Nxg6 hxg6 22. Bxa6 Na7 23. Bc5 Nc6 24. Bb5 Rb8 25. a4 Rc8 26. Rc1 f6 27. b4 e5 28. Bb6 g5 29. Rxc6 Rxc6 30. Bxc6+ Kxc6 31. Bc5 exd4 32. exd4 f5 33. b5+ Kc7 34. a5 g6 35. a6 1-0

[Event "Zhongshan zt 3.5 (Women)"]
[Site "Zhongshan"]
[Date "2015.07.05"]
[Round "6"]
[White "Wen, Yili"]
[Black "Guo, Yuhan"]
[Result "0-1"]
[WhiteElo "1592"]
[BlackElo "1633"]
[PlyCount "144"]
[EventDate "2015.06.30"]
[EventType "swiss"]
[EventRounds "11"]
[EventCountry "CHN"]
[SourceTitle "CBM 167 Extra"]
[Source "ChessBase"]
[SourceDate "2015.09.14"]
[SourceVersion "1"]
[SourceVersionDate "2015.09.14"]
[SourceQuality "1"]

1. c4 c6 2. d4 d5 3. cxd5 cxd5 4. Nf3 Nf6 5. Nc3 Bf5 6. Bf4 Nc6 7. e3 a6 8. Bd3 Bxd3 9. Qxd3 e6 10. 0-0 Bd6 11. Bxd6 Qxd6 12. Rac1 0-0 13. Na4 Nb4 14. Qb3 Rab8 15. Nc5 a5 16. a3 Na6 17. Qb5 Nc7 18. Qa4 b6 19. Nd3 Rfc8 20. Rc6 Qe7 21. Rfc1 Nfe8 22. Qc2 Rb7 23. h3 g6 24. Nfe5 f6 25. Nf3 Nd6 26. b3 Qd7 27. Nf4 Kf7 28. h4 Nc4 29. Rxc4 dxc4 30. bxc4 Rbb8 31. h5 Rg8 32. Ne2 Rg7 33. Rb1 Rgg8 34. Nc3 Qc6 35. Qd3 Rbc8 36. hxg6+ Rxg6 37. d5 exd5 38. cxd5 Rd8 39. e4 Qd6 40. Nh4 Rg4 41. Nf5 Qf4 42. Qc4 Rdg8 43. g3 Rd8 44. Kf1 Qxf5 45. Qxc7+ Qd7 46. Qxb6 Rg6 47. Qe3 Qh3+ 48. Ke2 Qg4+ 49. Kd2 Qd7 50. Rb5 Ra8 51. Qc5 a4 52. Qb4 Ra7 53. Nxa4 Rg8 54. Nc3 Rc8 55. Rc5 Rb7 56. Qc4 Rcb8 57. Ke3 Kg6 58. a4 Qg4 59. Nb5 Qg5+ 60. Kd3 Qg4 61. Ke3 Qg5+ 62. Kf3 h5 63. Qd3 Qg4+ 64. Ke3 Qg5+ 65. Ke2 Re7 66. Qe3 Qg4+ 67. Kd3 Qd1+ 68. Qd2 Qxa4 69. Nd4 Qa3+ 70. Qc3 Qa2 71. Ke3 Qb1 72. Qd2 Qxe4# 0-1

[Event "Zhongshan zt 3.5 (Women)"]
[Site "Zhongshan"]
[Date "2015.07.03"]
[Round "4"]
[White "Zhou, Zirun"]
[Black "Guo, Yuhan"]
[Result "1-0"]
[WhiteElo "1798"]
[BlackElo "1633"]
[PlyCount "61"]
[EventDate "2015.06.30"]
[EventType "swiss"]
[EventRounds "11"]
[EventCountry "CHN"]
[SourceTitle "CBM 167 Extra"]
[Source "ChessBase"]
[SourceDate "2015.09.14"]
[SourceVersion "1"]
[SourceVersionDate "2015.09.14"]
[SourceQuality "1"]

1. e4 e6 2. d4 d5 3. Nc3 dxe4 4. Nxe4 Bd7 5. Nf3 Bc6 6. Bd3 Nd7 7. 0-0 Ngf6 8. Nxf6+ Qxf6 9. Be2 Bd6 10. c4 b6 11. Bg5 Qg6 12. d5 Bb7 13. Qd2 h6 14. Bf4 exd5 15. Bd3 Bxf4 16. Qxf4 Qd6 17. Rfe1+ Kf8 18. Qh4 Nf6 19. Bf5 g6 20. Re6 Qd8 21. Nd4 Kg7 22. Qg3 c5 23. Rd6 Qe8 24. Ne6+ fxe6 25. Rxe6 Qf7 26. Bxg6 Qxe6 27. Bf5+ Kf7 28. Qg6+ Ke7 29. Bxe6 Kxe6 30. Re1+ Kd7 31. Qg7+ 1-0